[Event "EU-ch 10th"]
[Site "Budva"]
[Date "2009.03.15"]
[Round "9"]
[White "Jobava, Baadur"]
[Black "Inarkiev, Ernesto"]
[Result "1/2-1/2"]
[WhiteElo "2669"]
[BlackElo "2675"]
[Annotator "Inarkiev,E"]
[PlyCount "59"]
[EventDate "2009.03.06"]
[EventType "swiss"]
[EventRounds "11"]
[EventCountry "MNE"]
[SourceTitle "CBM 130"]
[Source "ChessBase"]
[SourceDate "2009.05.20"]
[SourceVersion "1"]
[SourceVersionDate "2009.05.20"]
[SourceQuality "1"]

{This game was played in the 9th round, we were sharing 1-2 places, and with
just two rounds to go the game was very important.} 1. c4 c5 2. Nc3 Nc6 3. g3
g6 4. Bg2 Bg7 5. d3 {This is not a very aggressive setup. White plans to
conduct the main fight in the middlegame. During preparation, I saw the games
in which Baadur outplayed his opponents in such a style, and this game also
shows that he plays such positions very well.} e6 6. Nf3 Nge7 7. Bg5 h6 8. Bd2
O-O 9. O-O b6 10. a3 d5 ({In the first round, Pogorelov choose} 10... Bb7 {
after} 11. Qc1 $1 Kh7 12. b4 $1 $36 {Jobava Baadur 2669 - Pogorelov Ruslan
2451 , Budva 6. 3.2009 Ch Europe. White got the initiative and won in nice
style.}) 11. Rb1 a5 {Typical. This mechanically stops White's play on the
queenside, but weakens the structure.} {This was the first time Baadur started
to think; at this moment he already had more then 20 minutes advantage.} 12. e3
$5 $146 {Taking d4 under control, White prevents the advance d5-d4, because
for a reversed Benoni, Black's pieces are badly placed.} ({After previously
playing} 12. Qb3 {Black successfully solved all his problems.} Rb8 13. Nb5 Bb7
14. cxd5 Nxd5 15. Bc3 e5 {1/2-1/2, Makarov Marat 2560 - Sokolov Andrei 2585 ,
Berlin 1996 It (open) "Berlin Summer"}) 12... Ra7 $6 {Quite a hard mistake.
The move is not too bad in itself, but the plan which Black started with it is
wrong. At the same time, the position is good enough for Black, and there were
even a few promising possibilities.} ({The most simple and healthy setup is
the one which Andrei Sokolov adopted in the game mentioned above} 12... Bb7 $5
13. Qb3 Rb8 $13 {(/\ Qc7, Rfd8).} {and if} 14. Na4 {then} Ba8) ({Also possible
is the sharper} 12... dxc4 $5 13. dxc4 Qd3 14. Qb3 a4 $1 15. Qxb6 Qxc4 $13) {
Here Baadur started (or continued !?) to play quickly and strongly.} 13. Qb3
Ba6 {Continues the plan.} ({Worse is immediately} 13... Rd7 $6 14. Na4 $1 Rb7
15. Rfd1 {and it's difficult for Black to finish development.}) 14. Rfd1 Rd7 {
This was my plan, I thought that next I will put the queen on c7, the second
rook on d8 and put pressure on the centre. With the next few precise moves,
White shows the drawback of this plan.} 15. Na4 $1 Nc8 16. Qc2 $1 {Makes a
threat just in time. The queen is looking towards the c6 knight, after c4xd5
and then d3-d4 or b2-b4; both ideas are strong.} N8e7 {I started to feel, that
there's some danger in the position. But I just couldn't believe in looking at
it, that there could be serious troubles here.} ({The problems of the position
are shown up by the variation} 16... Qc7 $6 17. cxd5 $1 exd5 18. Rdc1 $1 ({
The situation is not so clear after} 18. b4 cxb4 19. axb4 Nxb4 20. Qxc7 Rxc7
21. Bxb4 axb4 22. d4 {Black has a bad pawn structure, but the two bishops give
him serious chances, for example:} Rd8 $1 23. Rxb4 Bf8 $1 24. Rbb1 b5 $13)
18... Nd6 ({If} 18... d4 {then} 19. e4 $1 $14 {(/\b4).}) 19. d4 $1 c4 20. b3
$14 {with a strong initiative.}) ({Maybe, it is the moment to start play to
equalise matters with the passive} 16... dxc4 $5 17. dxc4 Qc7 18. Bc3 Rfd8 {
White is slightly better, because of some weaknesses on both Black's flanks,
but with normal play from both sides, it should gradually lead to equality.})
17. Bc3 $1 {The exchange of the bishops is in White's favour, because the only
useful thing it's doing on d2 is helping with b2-b4. At the same time this
exchange frees space for other pieces.} Qc7 $6 {This natural move is a mistake,
but it's not easy to make the right choice here.} ({Just bad is} 17... Bxc3 $2
{after} 18. bxc3 $1 {!} ({Worse is} 18. Nxc3 $6 Qc7 $13 ({Black can't take the
pawn, because of the unexpected attack} 18... dxc4 19. dxc4 Bxc4 $2 20. Ne4 $1
{and Black have to secure both bishop on c4, and f6 square, what is impossible}
Bd3 ({or} 20... Rxd1+ 21. Rxd1 Bd5 22. Nf6+ Kg7 23. Qc3 $18) 21. Nf6+ Kg7 22.
Qc3 $1 $18)) 18... dxc4 19. Rxb6 {More concrete.} ({Also strong is} 19. d4 $5
cxd4 20. cxd4) 19... cxd3 20. Qb1 $1 {Black will lose both c5 and d3 pawns.}
Ra7 21. Nxc5 Bc4 ({If} 21... Nb4 {then} 22. Rxe6 $1 fxe6 23. cxb4 $16) 22. Nd2
$16 Bd5 23. e4) (17... d4 $6 {is weak:} 18. exd4 Nxd4 19. Bxd4 $1 cxd4 20. b4
$14 {A very good reverse Benoni for White.}) (17... e5 {is more complicated,
but here too White can gain an advantage.} 18. Qb3 $1 {It is not every day we
can meet a position in which the queen manoeuvre from b3-c2-b3 is the best way
to play.} d4 {Necessary} (18... dxc4 $2 {is just bad:} 19. Qxb6 Rxd3 20. Qxd8
Rfxd8 21. Rxd3 ({Also strong is} 21. Nd2 $5) 21... cxd3 22. Nxc5 Bc8 23. e4 $16
{Black will lose the d3-pawn}) 19. exd4 cxd4 (19... exd4 $5 {is more passive:}
20. Bd2 Nc8 {but here White has the initiative, though it's not a clear
advantage. For example:} 21. Re1 $36 (21. Qc2 $6 Re8 $1 22. b4 axb4 23. axb4
Nxb4 24. Bxb4 cxb4 25. Rxb4 Rde7 $13 {takes too long and Black has good
counterplay.}) 21... Re7 22. Rxe7 N6xe7 23. Qc2 {(/\b2-b4).} Nc6 24. Qc1 $36)
20. Be1 ({Also interesting is} 20. Bd2 $5) 20... Rb7 ({Or} 20... Nc8 $5 21. Qc2
Bb7 22. b4 $14) 21. Nd2 Rb8 22. Qc2 $5 ({The immediate} 22. c5 $5 {is also
possible:} bxc5 23. Qc2 $14) 22... Qc7 23. c5 b5 24. Nb6 $14) ({It seems, that
the best move is still} 17... dxc4 $5 {I just can't give an exclamation mark
to it! After it, the position is a little passive, but it is the most sound of
all the possibilities which Black has.} 18. dxc4 Rxd1+ 19. Rxd1 Qc7 {for
example:} 20. b3 Bb7 21. Bxg7 Kxg7 22. Nc3 Rd8) 18. Bxg7 Kxg7 19. cxd5 $1 {
The best moment to change the position in the centre.} Nxd5 ({Worse is} 19...
exd5 $6 20. Bh3 $1 (20. d4 {is less accurate:} cxd4 21. exd4 {White has the
initiative, but Black is solid, and can build a decent defence.} Rb8 $1 22. Qd2
Qd6) 20... f5 {Necessary} (20... Rd6 $2 {is just bad:} 21. b4 $16) 21. Rdc1 $14
{Practically speaking, the position is very unpleasant, Black has to defend a
lot of weaknesses .}) 20. Rbc1 $1 $14 {(/\d3-d4). There's no more for the rook
to do on b1. Now Black faces serious problems.} Rc8 {Defending against d3-d4.}
({The tricky way} 20... Qb8 {doesn't help because of} 21. Qb3 $1 {(/\e3-e4;xb6)
.} ({Black's point works after the immediate} 21. d4 $6 cxd4 $1 $11 {White has
to take on d4 now. If} 22. Qxc6 $2 {then} Rc7 {wins the queen.}) {and Black
has to go on to the defensive.} 21... Rb7 ({After} 21... Rfd8 {his acticity
last for only one more move:} 22. Bf1 $1 {(xd3;/\e3-e4).} Rb7 23. d4 $1 $16)
22. d4 c4 23. Qc2 $14) 21. Qb3 $1 {Making two threats - e3-e4 and d3-d4. If we
take a perfunctory look at the game, then the impression made by White's
manoeuvres will be quite strange. But it is only with such subtle play that
White can gain the advantage in these positions. I have to add, that Black
didn't play badly; he was just making "normal" moves.} ({If White also made
just "normal" moves, there would be no advantage.} 21. Nd2 $6 {(/\Nc4).} Ne5 $1
22. Nc4 Nxc4 23. dxc4 Nf6 {And the position will very soon be level.} 24. Rxd7
({If} 24. Qb3 {then} Rb8) 24... Nxd7 25. Rd1 ({Or} 25. b3 Rd8 26. Rd1 Nf6 $11)
25... Ne5 26. b3 Bb7 $11) {Now Black has a difficult and unpleasant choice.}
21... Rcd8 $6 {We both didn't see the best answer on this move.} ({Better is} 
21... Rb8 22. d4 $1 {and now} Rdd8 $1 (22... cxd4 $2 {is just bad:} 23. Nxd4
Nxd4 24. Rxc7 Nxb3 25. Rxd7 Bb5 {because of} 26. R7xd5 $1 exd5 27. Nc3 $16) (
22... c4 $6 {is less accurate:} 23. Qc2 $16 {Here White didn't play e3-e4, in
comparison with the line after 22...Rdd8; this gives him more possibilities.}
Rdd8 24. Nd2) ({Interesting is} 22... Be2 $5 23. Rd2 Bxf3 24. Bxf3 cxd4 {
and White has to go to} 25. Bxd5 $1 (25. Rdc2 $5 {leads to a less clear
position:} Rd6 26. Qb5 Na7 $1 27. Qxd5 $1 ({If} 27. Qd3 {then} Nc6 $1) 27...
Qxc2 28. Qe5+ f6 29. Rxc2 fxe5 30. Rc7+ Kf8 31. Rxa7 $13 {Black has enough
counterplay.}) 25... exd5 (25... Rxd5 $2 {loses material:} 26. Rdc2) 26. Rxd4
Qd6 $14 {White has a good advantage, but the weakness of White's kingside
gives Black counterchances.}) 23. e4 $1 ({Worse is} 23. dxc5 $6 bxc5 24. Qc2 c4
$13 {Black has good counterplay. For example:} 25. Rd2 ({White doesn't win the
pawn after} 25. Bf1 Ne5 26. Nxe5 Qxe5 $13 {and if now} 27. Bxc4 $2 {then} Nxe3
$1 28. fxe3 Qxe3+ 29. Kg2 Bxc4 $1 30. Qxc4 Rbc8 $1 31. Qf4 Qe2+ 32. Qf2 Qe4+
$17) 25... Ne5 $1 26. Nxe5 Qxe5 $13) 23... Nf6 $1 24. Qc2 {and here Black has
a choice} c4 $14 {White controls the centre, and can prepare the attack on the
kingside, but Black can defend.} ({The alternative is} 24... cxd4 25. Nxd4 $1 (
25. Qxc6 $2 {is weak:} Qxc6 26. Rxc6 Bb5 $1 27. Rxb6 Bxa4 28. Rxb8 Rxb8 29.
Rxd4 Bc2 $1 {and Black takes the pawn back. For example:} 30. e5 Nd5 31. Ne1
Rxb2 32. Nxc2 ({If} 32. Bxd5 {then} Rb1 $1) {and now} 32... Nc3 $1 $11) 25...
Rbc8 26. Nxc6 Qxc6 27. Qxc6 Rxc6 28. e5 $1 Rxd1+ 29. Rxd1 Nd5 30. Bxd5 exd5 31.
Nc3 Bb7 $16 {The bishop is strong, and Black has real drawing chances.})) 22.
Nd2 $2 {White's only mistake in this game, but when the advantage is not very
big, it's enough to spoil everything.} ({Indeed, White was already very close
to success. It's hard to give Black decent advice after} 22. Bf1 $1 {Defends
d3, and increases the power of all threats.} g5 $5 ({Black simply loses the
pawn after} 22... Rb8 23. d4 Bxf1 24. Rxf1 $16) 23. e4 $1 ({But only not} 23.
h3 $2 Nxe3 $1 24. fxe3 Qxg3+ 25. Bg2 Rxd3 $17) ({The point of Black's move is
shown by the variation} 23. d4 $2 Bxf1 24. Rxf1 g4 $15) 23... Nf6 24. Qxb6 Qxb6
25. Nxb6 Rd6 26. e5 Nxe5 27. Nxe5 Rxb6 28. Rxc5 {and now maybe} Rd5 $5 29. Rxd5
Nxd5 $16 {An extra pawn is an extra pawn, but the defects of White's structure
give Black some chances.}) 22... Nxe3 $1 {It's nice to make the correct
combination with a sacrifice; it's not something which happens every day. Here
it's not only the best move, but as White still had 20 minutes advantage on
the clock, the decision is a very practical one.} 23. fxe3 Rxd3 24. Qxb6 ({
The position after} 24. Qc2 Rxe3 25. Nf1 Rxd1 26. Rxd1 Re2 27. Qc3+ e5 $13 {
is more risky for White than for Black.}) 24... Qxb6 25. Nxb6 Ne5 $1 {The key
to the combination! Black wants to take the piece back, with very active
pieces; this will force White to go for a draw.} (25... Ne7 $2 {loses:} 26. Bf1
$1 Rxd2 27. Rxd2 Rxd2 28. Bxa6 $18 Rd6 29. Nc8 Rxa6 30. Nxe7 {Black can't
catch the knight.} Kf8 31. Nc8 Rc6 32. Na7) 26. Rxc5 ({The alternative} 26. Bf1
{also leads to a draw} Rxd2 27. Rxd2 Rxd2 28. Bxa6 Nf3+ 29. Kf1 Nxh2+ 30. Kg1
Nf3+ $11) 26... Rxd2 $1 27. Rxd2 Rxd2 28. Rxe5 {Here is the point} Rd1+ $1 {
and White's king can't run away.} 29. Kf2 Rd2+ {Here we looked at each other,
and shook hands. 1/2:1/2.} {The simplest draw is just to repeat moves:} 30. Kg1
({Another way is} 30. Kf3 Be2+ $1 {and now White has to move back} 31. Kf2 ({
The king can't go any further} 31. Kf4 $2 g5+ 32. Ke4 f5+ $19) 31... Ba6+ $11)
(30. Ke1 $2 {is dangerous:} Rxg2 $1 ({If Black wants to play safely, then
possibly} 30... Rxb2 31. Rxa5 Rxb6 $15) 31. Rxa5 Bd3 $15 {With pawns on
different flanks, the bishop is much stronger than the knight.}) 1/2-1/2

[Event "ISR-ch"]
[Site "Jerusalem"]
[Date "1996.??.??"]
[Round "3"]
[White "Shabtai, Ran"]
[Black "Uritzky, Maxim"]
[Result "0-1"]
[WhiteElo "2325"]
[BlackElo "2420"]
[Annotator "Kantsler,B"]
[PlyCount "96"]
[EventDate "1996.10.26"]
[EventType "swiss"]
[EventRounds "9"]
[EventCountry "ISR"]
[SourceTitle "CBM 056"]
[Source "ChessBase"]
[SourceDate "1997.02.01"]
[SourceVersion "1"]
[SourceVersionDate "1997.02.01"]
[SourceQuality "1"]

1. Nf3 c5 2. c4 g6 3. g3 Bg7 4. Nc3 Nc6 5. Bg2 e5 6. O-O (6. a3 Nge7 (6... a5
7. d3 Nge7 8. Nd2 d6 9. Nf1 O-O 10. Ne3 Rb8 11. Rb1 f5 12. O-O f4 13. Ned5 Nxd5
14. Nxd5 Nd4 15. gxf4 Qh4 $13 {Zifroni,D-Liss,E/ISR/1996/0,5/45/}) 7. Rb1 a5 8.
d3 O-O 9. O-O d6 10. Bd2 h6 (10... Rb8 11. Qa4 Bd7 12. Rfc1 Na7 13. Qd1 b5 14.
cxb5 Nxb5 $10 {Drasko,M-Ernst,T/Tallinn/1989/0,5/54/}) 11. Ne1 Be6 12. Nd5 Rb8
13. Nxe7+ Nxe7 14. b4 axb4 15. axb4 cxb4 16. Bxb4 b5 17. Nc2 bxc4 18. dxc4 Bxc4
$10 {Zifroni,D-Uritzky,M/ISR/1996/0,5/50/}) 6... Nge7 7. d3 O-O 8. Ne1 f5 9.
Nc2 d6 10. Bg5 $5 (10. Ne3 f4 11. Ned5 Nxd5 12. Nxd5 Nd4 13. gxf4 Qh4 $13)
10... h6 11. Bxe7 Nxe7 12. Ne3 Rb8 13. Rb1 Be6 (13... f4 14. Ned5 $14) 14. Ned5
Nxd5 (14... Nc6 15. b4 $14) 15. Bxd5 Bxd5 16. Nxd5 $14 f4 17. f3 Qg5 18. Qe1 (
18. Kh1 $5 fxg3 19. Rg1 $16) 18... h5 19. Kh1 Qh6 20. Rg1 Rbe8 21. g4 $6 (21.
b4 $5 b6 22. a4 $16) 21... hxg4 22. Rxg4 Rf5 23. Qf2 Rh5 24. Nc3 $2 (24. b4 b6
25. a4 Kf7 26. a5 $14) 24... Kf7 $1 25. Ne4 Rh8 26. Rg2 $8 (26. Nxd6+ $4 Ke6
$19) 26... Bf8 $1 {/\Be7-h4-g3/} 27. Qg1 $8 {/\Nf2-g4/} Be7 28. Nf2 Bh4 29. Ng4
Qg5 30. b4 Qe7 31. bxc5 dxc5 32. Rb5 b6 33. a4 Qe6 34. a5 (34. Qc1 $5 $13)
34... e4 $5 35. dxe4 $6 (35. axb6 $6 exf3 36. exf3 axb6 $15) (35. fxe4 $5 Bg3
36. Rxg3 fxg3 37. Qxg3 $14) 35... Qxc4 36. Rb1 b5 37. Rc1 Qb4 38. e5 Be7 39.
Nf2 Qd4 $1 40. Nd3 $2 $19 (40. e6+ $32 $132) 40... Qxg1+ 41. Kxg1 Rf5 42. Nxc5
Rc8 43. Nd3 (43. e6+ $32 Kg7 44. Nd3 $17) 43... Rxc1+ 44. Nxc1 Rxe5 45. Nd3 Rf5
46. Kf2 b4 47. a6 b3 48. e4 Ra5 0-1

[Event "Nordic zt"]
[Site "Ostersund"]
[Date "1992.??.??"]
[Round "1"]
[White "Karlsson, Lars"]
[Black "Larsen, Bent"]
[Result "1-0"]
[WhiteElo "2480"]
[BlackElo "2565"]
[Annotator "Kortschnoj,V"]
[PlyCount "67"]
[EventDate "1992.??.??"]
[EventType "swiss"]
[EventRounds "9"]
[EventCountry "NOR"]
[SourceTitle "CBM 031"]
[Source "ChessBase"]
[SourceDate "1992.12.01"]
[SourceVersion "1"]
[SourceVersionDate "1992.12.01"]
[SourceQuality "1"]

1. Nf3 {Tisdall} g6 2. g3 Bg7 3. Bg2 c5 4. O-O Nc6 5. c4 d6 6. Nc3 Bd7 7. e3 {
White has already some advantage.Black is not able to prevent d2-d4.} Bxc3 {
In order to change a normal course of the game black gives up his active bi-
shop.} 8. bxc3 f5 9. e4 $1 {Thus white retains his advantage.} Nf6 (9... fxe4
10. Ng5 e3 $5 11. Bd5 $16) 10. exf5 Bxf5 11. d3 Qd7 12. Re1 Bh3 (12... O-O $5 {
Tisdall though conventional, looks preferable.}) 13. Bxh3 Qxh3 14. Ng5 Qf5 15.
f4 h6 16. Ne6 Kf7 (16... Kd7 {Tisdall} 17. Rb1 b6 18. Qa4 Qxd3 $2 19. Nxc5+ $1)
17. Rb1 b6 18. Rb2 Nd8 {Knight e6 is to be exchanged-then black would be out
of danger.} 19. Ng5+ $1 {An unpleasant surprise for black.} hxg5 {19...Kf8 was
more prudent.} (19... Ke8 {Tisdall} 20. Rbe2 {is also unappealing for black.}
hxg5 21. Rxe7+ Kf8 22. fxg5) 20. fxg5 Qg4 {The best attempt to save the
difficult position,but it fails due to a tactical finesse.} 21. Rxe7+ Kg8 {
Or 21...Kf8 22.De1 Sh5 23.Tf1 with an irresistible attack.} (21... Kxe7 {
Tisdall} 22. gxf6+ {and Qxg4.}) 22. Rg7+ $1 {This move reminds to us the
famous Steiniz-Bardeleben game!} Kf8 23. Qf1 Kxg7 24. Qxf6+ Kg8 {Or 24...Kh7
25.De7 Kg8 26.Tf2 and the game is over.} (24... Kh7 {Tisdall} 25. Qe7+ Kg8 26.
Rf2) 25. Qxg6+ Kf8 26. Rf2+ Ke7 27. Qg7+ Ke8 28. Qxh8+ Kd7 29. Qh7+ Kc6 30. Qf5
Qxf5 31. Rxf5 Ne6 32. h4 Re8 33. Kf2 a6 34. a4 1-0

[Event "Hoogovens"]
[Site "Wijk aan Zee"]
[Date "1996.01.22"]
[Round "8"]
[White "Van Wely, Loek"]
[Black "Leko, Peter"]
[Result "1/2-1/2"]
[WhiteElo "2570"]
[BlackElo "2625"]
[Annotator "Leko,P"]
[PlyCount "54"]
[EventDate "1996.01.13"]
[EventType "tourn"]
[EventRounds "13"]
[EventCountry "NED"]
[EventCategory "17"]
[SourceTitle "CBM 051"]
[Source "ChessBase"]
[SourceDate "1996.04.01"]
[SourceVersion "1"]
[SourceVersionDate "1996.04.01"]
[SourceQuality "1"]

1. c4 c5 2. Nc3 Nc6 3. g3 g6 4. Bg2 Bg7 5. Nf3 e6 6. a3 (6. O-O Nge7 7. d4 Nxd4
8. Ne4 (8. Nxd4 cxd4 9. Nb5 Nf5 10. g4 a6 11. Qa4 axb5 $5 (11... Nh4 12. Nd6+
Kf8 $13) 12. Qxa8 Nh4 13. Bxb7 (13. cxb5 Nxg2 14. Kxg2 O-O $17) 13... Bxb7 14.
Qxb7 bxc4 15. Qb5 h5 $1 16. g5 Qa8 17. f3 Qd5 $1 $17 {Adorjan,A}) 8... O-O $1
9. Nxc5 Nxf3+ 10. Bxf3 d5 11. cxd5 Nxd5 $10 {Ruck,R-Adorjan,A Magyarorszag(ch)
1995}) 6... Nge7 7. b4 b6 $1 {N} 8. Rb1 O-O 9. bxc5 (9. O-O d6 10. Qc2 Bb7 11.
d3 Qd7 12. bxc5 dxc5 $10) 9... bxc5 10. Ne4 (10. O-O Ba6 $1 11. Ne4 (11. Qa4
Qa5 $1) (11. Nb5 d5 $1) 11... Bxc4 12. Nxc5 Ba2 $1) 10... d6 11. Bb2 f5 $1 12.
Nc3 (12. Bxg7 $2 fxe4 13. Bxf8 exf3 14. Bxf3 (14. Bxe7 fxg2 $19) 14... Qxf8 (
14... Kxf8 $6 15. h4 $1 $36) 15. Qa4 Bd7 $17) 12... Rb8 13. Qc2 $8 (13. O-O Na5
$17) 13... a6 (13... Nd4 $5 14. Nxd4 cxd4 15. Nb5 Qb6 16. O-O e5 (16... a6 $2
17. Nxd4 $1 Bxd4 18. Bxd4 Qxd4 19. Rxb8 $18) 17. Bc1 $1 (17. Ba1 Qc5) 17... Be6
(17... a6 18. Nc3 Qc7 19. Nd5 $13) (17... Qc5 18. a4 $1) 18. e3 Qc5 19. d3 $13)
14. O-O (14. e3 $2 e5 $1 15. O-O (15. d3 e4 $1 16. dxe4 Qa5 $1 $17) 15... e4
16. Ne1 Ne5 $17) 14... Nd4 $1 (14... Bb7 15. e3 $1 $14) 15. Nxd4 cxd4 16. Na2
$1 $132 Qc7 17. Ba1 $1 Bd7 18. Nb4 Rb6 $1 (18... Qa5 19. Qa2 $1 Rfc8 20. e3) (
18... Qa7 19. e3 a5 20. Nd3) 19. e3 dxe3 20. dxe3 Bxa1 21. Rxa1 a5 (21... Nc6
$2 22. Nd5 $1 $16) 22. Nd3 Bc6 $1 23. c5 Bxg2 (23... Bb5 $6 24. Rfc1 Bxd3 25.
Qxd3 dxc5 26. Qc3 $14) 24. Kxg2 dxc5 (24... Rc6 25. Qc4 $5 (25. cxd6 $10) 25...
dxc5 26. Nf4 $44) 25. Qxc5 Qxc5 (25... Rc6 26. Qe5 $10) 26. Nxc5 Rc8 27. Rfc1
Rbc6 (27... Rbc6 28. Nb3 a4 29. Rxc6 Rxc6 30. Nd4 Rb6 31. Rc1 e5 32. Nf3 Rb3
33. Nxe5 Rxa3 34. Rc7 $10) 1/2-1/2

[Event "Bucharest"]
[Site "Bucharest"]
[Date "1996.??.??"]
[Round "?"]
[White "Marin, Mihail"]
[Black "Nevednichy, Vladislav"]
[Result "1-0"]
[WhiteElo "2545"]
[BlackElo "2505"]
[Annotator "Marin,M"]
[PlyCount "97"]
[EventDate "1996.??.??"]
[EventType "tourn"]
[EventRounds "15"]
[EventCountry "ROU"]
[EventCategory "9"]
[SourceTitle "EXT 1999"]
[Source "ChessBase"]
[SourceDate "1998.11.16"]
[SourceVersion "1"]
[SourceVersionDate "1998.11.16"]
[SourceQuality "1"]

1. Nf3 g6 2. c4 Bg7 3. g3 c5 4. Nc3 Nc6 5. Bg2 d6 (5... e6) 6. a3 e5 7. Rb1 a5
8. d3 Nge7 9. O-O O-O 10. Bd2 h6 11. Ne1 Be6 12. Nd5 Bd7 $44 (12... Bxd5 13.
cxd5 Nb8 (13... Nd4 14. e3 Ndf5 15. b4 $16)) 13. Nxe7+ (13. b4 $5 axb4 14. axb4
Nxd5 15. Bxd5 cxb4 (15... Bh3 16. Ng2 cxb4 17. Re1) 16. Bxb4 Qe7 17. Nc2 $14)
13... Qxe7 14. b4 axb4 15. axb4 cxb4 (15... Nd4 16. Bc3 $1 (16. Nc2 $2 Ba4)
16... Bg4 (16... Ra2 17. Bxd4 exd4 18. bxc5 dxc5 19. Rxb7) 17. Rb2 $14) 16. Nc2
Ra2 17. Ne3 Rfa8 18. Nd5 Qd8 19. Bxb4 Nxb4 20. Rxb4 Bc6 (20... Ba4 21. Qb1 (21.
Qe1 Bc6 22. Nc3 Rc2 $1) 21... Rxe2 $2 22. Rxb7 (22. Nc3 Bc2 23. Qc1 (23. Qb2 e4
) 23... Bxd3 24. Nxe2 Bxe2 25. Re1 Bg4 $44) 22... Bc2 23. Qb5 Bxd3 24. Nb6) 21.
Nc3 R2a3 22. Rb3 (22. Qc2 $2 e4 $1 23. Nxe4 Ra2 24. Qd1 (24. Qc1 Rxe2) 24... f5
25. Nd2 Bc3) 22... R3a5 $132 23. Qd2 (23. Qc2) 23... Kh7 24. Rfb1 f5 25. Rb6 $6
(25. Nd5) 25... Ra1 $1 26. R6b3 (26. Qc2 $4 Qxb6) (26. Rxa1 Rxa1+ 27. Rb1 Rxb1+
28. Nxb1 Qb6 29. Nc3 Qb4 30. Qc2 e4 31. Nd5 $11) 26... Rxb1+ $6 (26... R1a5 27.
Nd5) 27. Rxb1 Qa5 28. Qc2 Qc5 29. Nd5 {/\ N} b5 $5 30. Ne7 Bxg2 31. Kxg2 bxc4
32. dxc4 Qa7 (32... Ra7 33. Nxf5 $1 gxf5 34. Qxf5+ Kh8 35. Rb8+ $18) 33. Nd5 e4
(33... Qa4 34. Qc1 Qa3 35. Qxa3 Rxa3 36. Rb7 Kg8 (36... Ra4 $4 37. Nf6+ Kh8 38.
Rb8+ $18) (36... g5 37. Ne7) 37. Rd7 $16) 34. Rb6 Qa4 35. Qc1 Qd7 36. Qb1 (36.
Qf4 Rd8 (36... Be5 $4 37. Qxe5 dxe5 38. Nf6+)) 36... Ra7 37. Qb4 Be5 {/\} 38.
c5 $1 dxc5 39. Qxc5 $16 Bg7 40. Rd6 Qf7 $6 (40... Qb7 41. Rc6 $16 Bf8 $2 42.
Qxf8 Qxc6 43. Nf6+) 41. Qc6 Be5 42. Re6 Bg7 43. h4 $1 h5 (43... Rb7 44. Rxg6 $1
) (43... Ra2 44. Re7 Qf8 45. Nf6+ Kh8 46. Re8) (43... Bh8 44. h5 gxh5 45. Rxh6+
) (43... Bf8 44. h5 g5 45. Rf6) 44. e3 (44. Nf4 Rc7 45. Qb6 Rb7 46. Qd8 (46.
Qe3 Bh6) 46... Bh6 47. Nxg6 Qxg6 48. Rxg6 Kxg6 $16) 44... Bh8 45. Nf4 Rc7 46.
Qb6 Rb7 47. Qd8 Bg7 48. Rxg6 {/\ Q} Bh6 $2 (48... Qxg6 49. Nxg6 Kxg6 50. Qg5+
$18) (48... Qe7 49. Qd5 Qd7 50. Qxd7 Rxd7 51. Rc6 $18) 49. Rxh6+ (49. Rxh6+
Kxh6 50. Qh8+ Qh7 51. Qf6+) 1-0